Conservación de la biodiversidad (Registro nro. 13178)
[ vista simple ]
| 000 -CABECERA | |
|---|---|
| Campo de control | 003100000a22001090004500 |
| 090 ## - CLASIFICACIÓN LOCAL | |
| Colección | AR |
| Consecutivo | 03255 |
| 041 0# - IDIOMA | |
| Código de idioma para texto/pista de sonido o título separado | |
| 100 1# - ASIENTO PRINCIPAL--NOMBRE PERSONAL | |
| Nombre personal | Halffter, Gonzalo |
| 245 10 - MENCION DE TITULO | |
| Título | Conservación de la biodiversidad |
| Version | un reto de fin de siglo |
| 773 1# - Item fuente: | |
| Título | Bull. Inst. Cat. Hist. Nat. |
| Descripción física | 62 |
| Paginas del Articulo | 137-146 |
| Lugar, editorial y fecha de publicación | 1994 |
| 942 ## - ELEMENTOS ADICIONALES (KOHA) | |
| Tipo de ítem | Artículo |
| Withdrawn status | Lost status | Damaged status | No para préstamo | Colección | Ubicación Permanente | Ubicación actual | Fecha de adquisición | Fuente de Valor | Datos de publicación Seriada | Total Checkouts | Número topográfico | Inventario / Código de Barras | Date last seen | Ejemplar | Price effective from | Forma de adquisición | Tipo de material |
|---|---|---|---|---|---|---|---|---|---|---|---|---|---|---|---|---|---|
| No para Préstamo | Hemeroteca | Bogotá | Bogotá | 02/08/2005 | Alvarez, Mauricio | Fuera de circulación | AR 03255 | 019597 | 25/03/2015 | 1 | 25/03/2015 | Artículo |